000 00479nam a2200181Ia 4500
001 14571
005 20260306164924.0
008 260306t2014||||xx |||||||||||||| ||spa||
041 _aESP
082 _a515.33
_bA68 V. 2 2014
100 _aArce Carrasco, Abel
_eAUT
245 0 _aCálculo diferencial e integral de varias variables independientes y sus aplicaciones
260 _c2014
300 _a
_c21 cm.
650 _aGEN
654 _aCMA
942 _cLIB
_dJUS
_fJUS
_2ddc
_n
999 _c14571
_d14571